[Event "Championnat de France des Jeunes - Benja"]
[Site "LE GRAND BORNAND"]
[Date "????.??.??"]
[Round "2.14"]
[White "Gallant, Aurelien"]
[Black "Meley, Hector"]
[Result "1-0"]
[WhiteElo "1905"]
[BlackElo "1830"]
[PlyCount "125"]

1. e4 e6 2. d4 d5 3. Nc3 Bb4 4. e5 Ne7 5. a3 Bxc3+ 6. bxc3 c5 7. Qg4 Nf5 8. Bd3
h5 9. Qg5 Qxg5 10. Bxg5 Nc6 11. Ne2 O-O 12. Bxf5 exf5 13. f4 Re8 14. O-O Na5
15. Ng3 g6 16. Rfd1 Be6 17. Rab1 a6 18. a4 Rec8 19. Rd2 cxd4 20. cxd4 Rc4 21.
Ra1 Rac8 22. Ra2 Bd7 23. Nf1 Rxa4 24. Rxa4 Bxa4 25. Ne3 Bc6 26. c3 b6 27. Rb2
Rb8 28. Rb4 b5 29. Rb1 Bb7 30. Be7 Rc8 31. Bc5 Kg7 32. h4 f6 33. g3 Re8 34. Kf2
Rc8 35. Ke2 Kf7 36. Ng2 Nc4 37. Ne1 fxe5 38. Nf3 exf4 39. gxf4 Re8+ 40. Kf2 Kf6
41. Ne5 Nd2 42. Re1 Ne4+ 43. Kf3 Nxc5 44. dxc5 d4+ 45. Kf2 dxc3 46. Rd1 c2 47.
Rc1 Be4 48. Rg1 Ke6 49. Ke2 Rd8 50. c6 b4 51. c7 Rc8 52. Kd2 Rxc7 53. Rxg6+ Kd5
54. Kc1 b3 55. Rb6 Rg7 56. Ng6 Kc4 57. Kb2 Rd7 58. Ne5+ Kd4 59. Nxd7 Ke3 60.
Rxb3+ Kd2 61. Rc3 a5 62. Nc5 a4 63. Nxa4 1-0

[Event "Championnat de France des Jeunes - Benja"]
[Site "LE GRAND BORNAND"]
[Date "????.??.??"]
[Round "2.15"]
[White "Fischer, Baptiste"]
[Black "Cazottes, Guillaume"]
[Result "0-1"]
[WhiteElo "1840"]
[BlackElo "1902"]
[PlyCount "54"]

1. e4 c5 2. Nf3 d6 3. d4 cxd4 4. Nxd4 Nf6 5. Nc3 a6 6. Be3 e5 7. Nb3 Be6 8. Nd5
Nbd7 9. f3 Rc8 10. c4 Bxd5 11. exd5 Nb6 12. Nd2 Nfd7 13. b3 g6 14. Ne4 h6 15.
Qd2 f5 16. Nc3 Bg7 17. Be2 Qf6 18. Rc1 O-O 19. Bxh6 Qh4+ 20. g3 Qxh6 21. Qd1
Nf6 22. Bd3 Qe3+ 23. Be2 e4 24. f4 Ng4 25. Rf1 Bxc3+ 26. Rxc3 Qxc3+ 27. Qd2
Qxd2+ 0-1

[Event "Championnat de France des Jeunes - Benjamines"]
[Site "LE GRAND BORNAND"]
[Date ""]
[Round "2.1"]
[White "Daif, Sarah"]
[Black "Auvray, Juliette"]
[Result "0-1"]
[WhiteElo "1620"]
[BlackElo "1908"]
[Annotator ""]

1. d4 Nf6 2. Nf3 e6 3. Bf4 b6 4. c3 Bb7 5. Nbd2 d6 6. e3 Nbd7 7. Bd3
Be7 8. O-O O-O 9. Bg3 c5 10. Qe2 Nh5 11. Ne1 Nxg3 12. hxg3 Nf6 13.
Nef3 Rc8 14. Ba6 Bxa6 15. Qxa6 Qc7 16. b4 Nd5 17. bxc5 dxc5 18. Qd3 c4
19. Qc2 b5 20. a4 a6 21. axb5 axb5 22. Rfb1 Rb8 23. e4 Nf6 24. Ra2 b4
25. cxb4 Rxb4 26. Rxb4 Bxb4 27. e5 c3 28. exf6 cxd2 29. Nxd2 Qxc2 30.
Rxc2 gxf6 31. Kf1 Rd8 32. Nf3 Kf8 33. Ke2 e5 34. dxe5 fxe5 35. Nd2 f5
36. Rb2 Bc3 37. Rc2 Ba5 38. Nf3 Rd5 39. Rb2 h6 40. Nh4 e4 41. Ng6+ Kf7
42. Nf4 Rc5 43. Rb7+ Kf6 44. Rh7 Rc2+ 45. Kf1 Rc1+ 46. Ke2 Re1# 0-1

[Event "Championnat de France des Jeunes - Benja"]
[Site "LE GRAND BORNAND"]
[Date "????.??.??"]
[Round "2.2"]
[White "Kohi, Camilla"]
[Black "Auffret, Gaelle"]
[Result "1-0"]
[WhiteElo "1875"]
[BlackElo "1620"]
[PlyCount "79"]

1. e4 e6 2. d4 d5 3. Nc3 Bb4 4. exd5 exd5 5. Bd3 c5 6. dxc5 Bxc5 7. Bb5+ Bd7 8.
Bxd7+ Nxd7 9. Nxd5 Ne7 10. Nxe7 Qxe7+ 11. Qe2 O-O 12. Qxe7 Bxe7 13. Ne2 Rfe8
14. O-O Bc5 15. Nf4 Nf6 16. Nd3 Bb6 17. Bg5 Re2 18. Bxf6 gxf6 19. c3 Rd8 20.
Rfd1 Rd5 21. Kf1 Rc2 22. g4 Rxd3 23. Rxd3 Rxf2+ 24. Ke1 Rxh2 25. Rf3 Rxb2 26.
Rxf6 Rg2 27. Rf4 Rg1+ 28. Rf1 Rxg4 29. Ke2 Ba5 30. Rg1 h5 31. Rxg4+ hxg4 32.
Rg1 f5 33. Rf1 Kg7 34. Rxf5 Bd8 35. Rf4 g3 36. Rg4+ Kf6 37. Rxg3 Ke5 38. Rg7
Ba5 39. Kd3 b5 40. Rxa7 1-0

[Event "Championnat de France des Jeunes - Benja"]
[Site "LE GRAND BORNAND"]
[Date "????.??.??"]
[Round "2.3"]
[White "Saucey, Capucine"]
[Black "De Seroux, Camille"]
[Result "1-0"]
[WhiteElo "1592"]
[BlackElo "1871"]
[PlyCount "83"]

1. e4 c5 2. Nf3 d6 3. d4 cxd4 4. Nxd4 Nf6 5. Nc3 g6 6. Be3 Bg7 7. f3 O-O 8. Qd2
Nc6 9. Bc4 Bd7 10. O-O-O Qa5 11. Nd5 Qxd2+ 12. Rxd2 Nxd5 13. Bxd5 Nxd4 14. Bxd4
Bh6 15. Bxb7 Bxd2+ 16. Kxd2 Rab8 17. Bd5 a6 18. Re1 e6 19. Bc4 Bb5 20. Bb3 Rfc8
21. Rc1 Bc4 22. Ba7 Rb7 23. Bxc4 Rxc4 24. b3 Rcb4 25. Bf2 Rd7 26. c4 Rb8 27.
Kc3 a5 28. Rd1 d5 29. exd5 exd5 30. Rxd5 Rxd5 31. cxd5 Rc8+ 32. Kd3 Kf8 33. Bb6
a4 34. bxa4 Rc1 35. a5 Ke8 36. a6 Ra1 37. a7 Rxa2 38. Kc4 Kd7 39. Kb5 Kd6 40.
Ba5 Rb2+ 41. Ka6 Rxg2 42. a8=Q 1-0

[Event "Championnat de France des Jeunes - Benja"]
[Site "LE GRAND BORNAND"]
[Date "????.??.??"]
[Round "2.4"]
[White "Neuhauser, Salome"]
[Black "Josse, Mathilde"]
[Result "1-0"]
[WhiteElo "1866"]
[BlackElo "1591"]
[PlyCount "65"]

1. c4 e5 2. d3 Bb4+ 3. Bd2 Bxd2+ 4. Qxd2 Nf6 5. Nc3 d5 6. cxd5 Nxd5 7. Nf3 Nc6
8. g3 b6 9. Bg2 Bb7 10. O-O O-O 11. Rac1 Nxc3 12. Qxc3 Rb8 13. Rfd1 Qe7 14. e3
Rfc8 15. a3 a5 16. Rd2 Rd8 17. d4 exd4 18. Nxd4 Nxd4 19. Rxd4 Rxd4 20. Qxd4
Bxg2 21. Kxg2 Rd8 22. Qf4 Rd7 23. Rc4 h6 24. Re4 Qd8 25. Qe5 Kf8 26. Qf5 Re7
27. Rd4 Qa8+ 28. Kg1 Qc6 29. Rd1 Qe6 30. Qh7 f6 31. Qg6 Qf7 32. Qh7 Qg8 33.
Rd8+ 1-0

[Event "Championnat de France des Jeunes - Benja"]
[Site "LE GRAND BORNAND"]
[Date "????.??.??"]
[Round "2.5"]
[White "Bertin, Cecile"]
[Black "Le Bail, Arielle"]
[Result "0-1"]
[WhiteElo "1590"]
[BlackElo "1855"]
[PlyCount "96"]

1. e4 e6 2. d4 d5 3. Nc3 Bb4 4. e5 c5 5. a3 Bxc3+ 6. bxc3 Ne7 7. Qg4 O-O 8. Nf3
Nbc6 9. Bd3 f5 10. exf6 Rxf6 11. Bg5 Rf7 12. Qh4 h6 13. Bxe7 Rxe7 14. O-O c4
15. Bg6 Bd7 16. Rfe1 Be8 17. Qh5 Qa5 18. Re3 Bxg6 19. Qxg6 Rae8 20. Rae1 Qxa3
21. h3 Qd6 22. Nh4 Qf4 23. Rg3 Rf8 24. Nf3 Qf5 25. Qxh6 Rf6 26. Qh4 Ref7 27.
Rg5 Qh7 28. Rh5 Rh6 29. Rxh6 Qxh6 30. Qxh6 gxh6 31. Rxe6 a5 32. Rxh6 Re7 33.
Rd6 a4 34. Rxd5 a3 35. Rg5+ Kf7 36. d5 a2 37. Rf5+ Kg7 38. Kh2 a1=Q 39. Rg5+
Kf6 40. dxc6 bxc6 41. Rg4 Qxc3 42. Rf4+ Ke6 43. Ng5+ Kd7 44. Nf3 Qxc2 45. Nd4
Qc1 46. Rg4 c3 47. Nb3 Qa3 48. Nd4 c5 0-1

[Event "Championnat de France des Jeunes - Benja"]
[Site "LE GRAND BORNAND"]
[Date "????.??.??"]
[Round "2.6"]
[White "Lefevre, Margaux"]
[Black "Daadaa, Soha"]
[Result "1-0"]
[WhiteElo "1855"]
[BlackElo "1590"]
[PlyCount "95"]

1. e4 e6 2. d4 d5 3. Nc3 Nf6 4. Bg5 dxe4 5. Nxe4 Be7 6. Bxf6 Bxf6 7. Nf3 b6 8.
c3 Bb7 9. Bd3 Nd7 10. Qe2 Bxe4 11. Bxe4 Rc8 12. Bb7 Rb8 13. Bc6 O-O 14. O-O-O
Qe7 15. h4 Qd6 16. Be4 Rbd8 17. Kb1 c5 18. Ng5 h6 19. Nh7 Rfe8 20. Nxf6+ Nxf6
21. Bc2 cxd4 22. Rxd4 Qc6 23. Rxd8 Rxd8 24. f3 a5 25. Re1 b5 26. Bd3 b4 27. c4
Rb8 28. b3 a4 29. Qe5 Rd8 30. Rd1 Nd7 31. Qa5 Rb8 32. Be4 Qc5 33. Qxa4 Ne5 34.
Qb5 Qxb5 35. cxb5 f5 36. Bc6 Nxc6 37. bxc6 Rc8 38. Rc1 Kf7 39. Kb2 Ke7 40. Rc4
Kd6 41. Rxb4 Rxc6 42. a4 Kc5 43. Rc4+ Kb6 44. Rxc6+ Kxc6 45. Kc3 Kb6 46. Kd4
Kc6 47. Ke5 Kc5 48. Kxe6 1-0

[Event "Championnat de France des Jeunes - Benja"]
[Site "LE GRAND BORNAND"]
[Date "????.??.??"]
[Round "2.7"]
[White "Bogen, Fanny"]
[Black "Abidi, Ines"]
[Result "1-0"]
[WhiteElo "1580"]
[BlackElo "1800"]
[PlyCount "83"]

1. e4 e6 2. d4 d5 3. e5 c5 4. c3 Qb6 5. Nf3 Nc6 6. Bd3 cxd4 7. cxd4 Bd7 8. O-O
Nxd4 9. Nxd4 Qxd4 10. Qe2 Ne7 11. Rd1 Qb6 12. Nc3 a6 13. Be3 Qc7 14. Bf4 Nc6
15. Rac1 Be7 16. Qg4 Bf8 17. Nxd5 exd5 18. e6 Bxe6 19. Qxe6+ fxe6 20. Bxc7 Kd7
21. Bb6 Bd6 22. Rc3 h6 23. Bg6 Rhf8 24. Re3 Rf6 25. Bh5 Raf8 26. Bg4 Re8 27.
Rxd5 Nb4 28. Rd1 Nxa2 29. Bc5 Kc6 30. Bxd6 Rd8 31. Bf3+ Kd7 32. Be5+ Ke7 33.
Bxf6+ gxf6 34. Rxd8 Kxd8 35. Rxe6 b5 36. Rxa6 Nb4 37. Rb6 Kc7 38. Rxb5 Nd3 39.
Rf5 Nxb2 40. Rxf6 Nc4 41. Rc6+ Kd7 42. Rxc4 1-0

[Event "Championnat de France des Jeunes - Benja"]
[Site "LE GRAND BORNAND"]
[Date "????.??.??"]
[Round "2.8"]
[White "Copin, Oceane"]
[Black "Eggenspieler, Jennifer"]
[Result "1-0"]
[WhiteElo "1790"]
[BlackElo "1580"]
[PlyCount "77"]

1. e4 e5 2. Nf3 Nc6 3. Bc4 Bc5 4. c3 d6 5. d4 exd4 6. cxd4 Bb6 7. h3 Nge7 8.
Nc3 O-O 9. O-O Nb4 10. a3 d5 11. Bb3 dxe4 12. Nxe4 Nbd5 13. Bg5 Be6 14. Re1 Qd7
15. Ne5 Qb5 16. Nf3 Nc6 17. a4 Qb4 18. Bd2 Qe7 19. Bxd5 Bxd5 20. Nc3 Bxf3 21.
Qxf3 Nxd4 22. Rxe7 Nxf3+ 23. gxf3 Rad8 24. Bf4 Rd3 25. Kg2 Ba5 26. Rd1 Rxd1 27.
Nxd1 Rc8 28. Ne3 Kf8 29. Nf5 Bb4 30. Re4 c5 31. Bd6+ Kg8 32. Ne7+ Kh8 33. Nxc8
h6 34. Nxa7 b6 35. Bc7 Ba5 36. Nc6 f5 37. Re8+ Kh7 38. Nxa5 bxa5 39. Bxa5 1-0

[Event "Championnat de France des Jeunes - Benja"]
[Site "LE GRAND BORNAND"]
[Date "????.??.??"]
[Round "2.9"]
[White "Thuret, Marine"]
[Black "Berthelot, Maeva"]
[Result "1-0"]
[WhiteElo "1580"]
[BlackElo "1782"]
[PlyCount "97"]

1. e4 d5 2. exd5 Qxd5 3. Nc3 Qd6 4. Bc4 Nf6 5. d3 Be6 6. Bxe6 Qxe6+ 7. Qe2 Qd6
8. Nf3 e6 9. Bd2 Be7 10. O-O-O c6 11. Ne5 Nd5 12. Rhf1 Bf6 13. f4 Nd7 14. Nc4
Qe7 15. Ne4 O-O 16. Qh5 Nc5 17. g4 g6 18. Nxf6+ Qxf6 19. Qh3 b5 20. Ne5 Na4 21.
Qg3 Ndb6 22. h4 Rac8 23. b3 Nc5 24. Bb4 Qe7 25. Bc3 Ncd7 26. f5 a5 27. Nxd7
Nxd7 28. f6 Qc5 29. d4 Qa3+ 30. Bb2 Qxa2 31. Qf4 Kh8 32. h5 a4 33. hxg6 fxg6
34. f7 a3 35. Bc3 b4 36. Bxb4 Qb2+ 37. Kd2 e5 38. Qe4 Qxd4+ 39. Qxd4 exd4 40.
Bxf8 Nxf8 41. Ra1 Ra8 42. Kd3 c5 43. Kc4 Nd7 44. Rfe1 Kg7 45. Re8 Ra5 46. Re7
Nf6 47. g5 Ng4 48. Rf1 Ne3+ 49. Rxe3 1-0

[Event "Championnat de France des Jeunes - Benja"]
[Site "LE GRAND BORNAND"]
[Date "????.??.??"]
[Round "2.10"]
[White "Alonso, Audrey"]
[Black "Mencacci, Tiphanie"]
[Result "1-0"]
[WhiteElo "1770"]
[BlackElo "1563"]
[PlyCount "67"]

1. e4 e5 2. Nf3 Nc6 3. Bb5 d6 4. d4 exd4 5. Nxd4 Bd7 6. Nxc6 Bxc6 7. Bxc6+ bxc6
8. O-O Be7 9. Bf4 Nf6 10. Nc3 O-O 11. e5 dxe5 12. Bxe5 Bd6 13. Re1 Re8 14. Bxf6
Rxe1+ 15. Qxe1 Qxf6 16. Qe3 Qe5 17. Qxe5 Bxe5 18. Na4 h6 19. Rd1 Bd6 20. Re1
Kf8 21. Kf1 Rd8 22. Re4 Be7 23. Rc4 Rd6 24. Nc3 Re6 25. Ne4 Ke8 26. Nc5 Re5 27.
Nd3 Re6 28. Ra4 Bg5 29. Rxa7 Re7 30. f4 Bf6 31. Nc5 Re3 32. c3 Kd8 33. Ra8+ Ke7
34. Kf2 1-0

[Event "Championnat de France des Jeunes - Benja"]
[Site "LE GRAND BORNAND"]
[Date "????.??.??"]
[Round "2.11"]
[White "Soubirou, Oriane"]
[Black "Mallet, Berenice"]
[Result "1/2-1/2"]
[WhiteElo "1560"]
[BlackElo "1730"]
[PlyCount "97"]

1. e4 e6 2. d4 d5 3. exd5 exd5 4. Bd3 Nf6 5. Bf4 c6 6. Nd2 Be7 7. Ne2 O-O 8.
O-O Bg4 9. f3 Bh5 10. Ng3 Nbd7 11. Re1 Re8 12. c3 Nf8 13. Nf5 Bg6 14. Nf1 Nh5
15. Bg3 Bxf5 16. Bxf5 Qb6 17. Qc2 Nxg3 18. Nxg3 Bh4 19. Re2 Bxg3 20. hxg3 Qc7
21. f4 g6 22. Bd3 Re7 23. Rae1 Rae8 24. Qd2 f5 25. Rxe7 Rxe7 26. Rxe7 Qxe7 27.
Qe2 Kf7 28. Qxe7+ Kxe7 29. Kf2 Nd7 30. Ke3 Nf6 31. Be2 Ke6 32. Bf3 Ne4 33. g4
Nd6 34. b3 h6 35. Kd3 g5 36. fxg5 hxg5 37. gxf5+ Kxf5 38. Ke3 g4 39. Be2 Ne8
40. g3 Nf6 41. Bd3+ Kg5 42. c4 Nh5 43. Kf2 a6 44. a4 Kf6 45. Be2 Kf5 46. Bd3+
Kg5 47. Bc2 Ng7 48. Bd3 Ne6 49. Ke3 1/2-1/2

[Event "Championnat de France des Jeunes - Benja"]
[Site "LE GRAND BORNAND"]
[Date "????.??.??"]
[Round "2.12"]
[White "Vernerey, Lea"]
[Black "Armas, Lena"]
[Result "0-1"]
[WhiteElo "1530"]
[BlackElo "1697"]
[PlyCount "56"]

1. d4 d5 2. Nf3 Nf6 3. e3 a6 4. Bd3 Bg4 5. O-O Qd7 6. c4 e6 7. Nbd2 Qc8 8. Re1
c5 9. b3 cxd4 10. exd4 Bb4 11. Bb2 Bxf3 12. gxf3 O-O 13. Rc1 Nc6 14. Kh1 Qc7
15. a3 Ba5 16. b4 Bb6 17. c5 Ba7 18. Qe2 Nh5 19. Qe3 Nf4 20. Bb1 Bb8 21. Nf1
Qe7 22. Ng3 Qh4 23. Rg1 Nh3 24. Rg2 Bf4 25. Qd3 Bxc1 26. Bxc1 Ne7 27. Qe3 Ng6
28. Bxg6 hxg6 0-1

[Event "Championnat de France des Jeunes - Benja"]
[Site "LE GRAND BORNAND"]
[Date "????.??.??"]
[Round "2.13"]
[White "Guo, Charlotte"]
[Black "Goubert, Caroline"]
[Result "1-0"]
[WhiteElo "1680"]
[BlackElo "1540"]
[PlyCount "115"]

1. e4 e5 2. Nf3 Nc6 3. Bc4 Bc5 4. Nc3 Nf6 5. d3 h6 6. Be3 Bb6 7. a3 d6 8. Qd2
Be6 9. Ba2 Qd7 10. h3 a6 11. O-O-O O-O-O 12. Bxe6 fxe6 13. d4 exd4 14. Nxd4
Rhf8 15. Nxc6 Qxc6 16. Bxb6 Qxb6 17. Rhe1 d5 18. exd5 exd5 19. f3 Rd6 20. Re7
g5 21. Rde1 c6 22. R1e6 Rxe6 23. Rxe6 Qd8 24. Qe2 Re8 25. Rxe8 Qxe8 26. Qxe8+
Nxe8 27. Kd2 Kd7 28. Ke3 Ng7 29. Nd1 Ne6 30. g3 c5 31. Nf2 h5 32. f4 gxf4+ 33.
gxf4 Nd4 34. Kd3 Nf5 35. b3 Ke6 36. Nd1 b5 37. Ne3 c4+ 38. bxc4 bxc4+ 39. Kd2
Nxe3 40. Kxe3 Kf5 41. c3 a5 42. a4 h4 43. Kf3 d4 44. cxd4 c3 45. Ke3 c2 46. Kd2
Kxf4 47. Kxc2 Ke4 48. Kc3 Kd5 49. Kd3 Kc6 50. Kc4 Kd6 51. Kb5 Kd5 52. Kxa5 Kxd4
53. Kb6 Ke3 54. a5 Kf3 55. a6 Kg3 56. a7 Kxh3 57. a8=Q Kg3 58. Qh1 1-0

[Event "Championnat de France des Jeunes - Benja"]
[Site "LE GRAND BORNAND"]
[Date "????.??.??"]
[Round "2.14"]
[White "Scherno, Catherine"]
[Black "Llacer, Cassandra"]
[Result "0-1"]
[WhiteElo "1520"]
[BlackElo "1660"]
[PlyCount "82"]

1. e4 e5 2. d4 exd4 3. c3 dxc3 4. Nxc3 Nc6 5. Bc4 Ne5 6. Bb3 Bb4 7. Qd4 Qf6 8.
Bd2 Bc5 9. Nd5 Bxd4 10. Nxf6+ Nxf6 11. f4 Nd3+ 12. Kf1 Nf2 13. Ne2 N2xe4 14.
Nxd4 Nxd2+ 15. Ke2 Nxb3 16. Nxb3 d6 17. Rhe1 Be6 18. Nd4 O-O-O 19. Kf3 Bd5+ 20.
Kf2 Ne4+ 21. Kg1 Rhe8 22. Re2 Bc4 23. Rc2 Bd3 24. Rcc1 Nc5 25. Re1 Re4 26. Nf3
Rde8 27. Rad1 Rxe1+ 28. Rxe1 Rxe1+ 29. Nxe1 Bc4 30. a3 d5 31. Kf2 d4 32. Nf3
Ne4+ 33. Ke1 c5 34. g3 Bb3 35. Ke2 b5 36. Kd3 c4+ 37. Ke2 Kd7 38. Nd2 Nxd2 39.
Kxd2 Ke6 40. h3 h5 41. h4 Kd5 0-1

 0-1

[Event "Championnat de France des Jeunes - Benja"]
[Site "LE GRAND BORNAND"]
[Date "????.??.??"]
[Round "2.15"]
[White "Balliet, Manon"]
[Black "Benac, Anais"]
[Result "1/2-1/2"]
[WhiteElo "1650"]
[BlackElo "1520"]
[PlyCount "89"]

1. d4 d5 2. Nf3 Nf6 3. c4 e6 4. Nc3 Nbd7 5. cxd5 exd5 6. Bg5 Be7 7. e3 c6 8.
Bd3 Qb6 9. Qb3 Qxb3 10. axb3 h6 11. Bh4 g5 12. Bg3 a6 13. Ne5 Rg8 14. Nxd7 Nxd7
15. e4 dxe4 16. Bxe4 Nf6 17. Bc2 Be6 18. O-O Rd8 19. Rad1 h5 20. Be5 h4 21. f4
gxf4 22. Bxf6 Bxf6 23. Rxf4 Be7 24. Ne4 Bd5 25. Re1 Kd7 26. Re2 Rg7 27. Nf6+
Bxf6 28. Rxf6 Rdg8 29. Rff2 Kd6 30. b4 b6 31. Bd3 b5 32. Bf5 Be6 33. Bxe6 fxe6
34. Rf6 Rg6 35. Rxg6 Rxg6 36. Kf2 Kd5 37. Rc2 e5 38. dxe5 Kxe5 39. b3 Kd4 40.
g3 hxg3+ 41. hxg3 Rf6+ 42. Kg2 Kd3 43. Rc1 Ke4 44. Rc3 Kd4 45. Rc1 1/2-1/2

[Event "Championnat de France des Jeunes - Pupilles"]
[Site "LE GRAND BORNAND"]
[Date ""]
[Round "2.1"]
[White "Bourgeois, Florian"]
[Black "Loiseau, Quentin"]
[Result "0-1"]
[WhiteElo "1690"]
[BlackElo "2010"]
[Annotator ""]

1. e4 c5 2. d4 cxd4 3. c3 Nf6 4. e5 Nd5 5. cxd4 d6 6. Nf3 Nc6 7. Be2
g6 8. O-O Bg7 9. Bb5 Qc7 10. Qc2 Bd7 11. Bxc6 Bxc6 12. Re1 O-O 13. Nc3
Nb4 14. Qb3 Nd3 15. Re3 Nxc1 16. Rxc1 Bh6 17. Nd1 Qa5 18. Rxc6 bxc6
19. Rc3 c5 20. exd6 exd6 21. Qd5 Rab8 22. dxc5 Rxb2 23. Rd3 Re2 24. g3
Qxc5 25. Qxd6 Qf5 26. Nc3 Rc2 27. Kg2 Rc8 28. Nd5 Bf8 29. Qe5 Qxe5 30.
Nxe5 Kg7 31. Rf3 f5 32. Ne3 Rxa2 33. g4 Re8 34. N3c4 Re2 35. Nd7 R2e4
36. Nd6 Bxd6 0-1

[Event "Championnat de France des Jeunes - Pupil"]
[Site "LE GRAND BORNAND"]
[Date "????.??.??"]
[Round "2.2"]
[White "Giroyan, Gary"]
[Black "Banos-Robles, Romain"]
[Result "1-0"]
[WhiteElo "1967"]
[BlackElo "1670"]
[PlyCount "47"]

1. e4 e5 2. Nf3 d6 3. d4 exd4 4. Nxd4 Nf6 5. Nc3 Be7 6. Nde2 O-O 7. g3 Nc6 8.
Bg2 Bg4 9. h3 Bh5 10. g4 Bxg4 11. hxg4 Nxg4 12. Ng3 Nce5 13. Bf4 Bh4 14. Bxe5
Nxe5 15. Qh5 g5 16. O-O-O Ng6 17. Nf5 Nf4 18. Qh6 Ne6 19. Nd5 f6 20. Nde7+ Kh8
21. e5 fxe5 22. Bd5 Rf7 23. Bxe6 Rxe7 24. Qf6+ 1-0

[Event "Championnat de France des Jeunes - Pupil"]
[Site "LE GRAND BORNAND"]
[Date "????.??.??"]
[Round "2.3"]
[White "Bigonnet, Jean-Michel"]
[Black "Cabanes, Kim"]
[Result "0-1"]
[WhiteElo "1660"]
[BlackElo "1903"]
[PlyCount "90"]

1. e4 c6 2. d4 d5 3. Nc3 a6 4. e5 e6 5. Bf4 c5 6. Nf3 Nc6 7. Be2 Nge7 8. O-O
Ng6 9. Be3 Qc7 10. Re1 cxd4 11. Bxd4 Nxd4 12. Qxd4 Rb8 13. a4 Bc5 14. Qd2 O-O
15. Bd3 Rd8 16. Bxg6 hxg6 17. Nd4 Bd7 18. Qf4 Be8 19. Rad1 b5 20. axb5 axb5 21.
Re3 Be7 22. Rh3 Rb6 23. Nf3 f6 24. Qh4 fxe5 25. Ng5 Bxg5 26. Qxg5 Rbb8 27. Qh4
e4 28. g4 Qe5 29. g5 b4 30. Ne2 Bb5 31. Nf4 Kf7 32. Nxg6 Kxg6 33. Qh7+ Kf7 34.
g6+ Ke7 35. Qh4+ Qf6 36. Qg3 Rbc8 37. Ra1 Rd7 38. c3 bxc3 39. bxc3 Bd3 40. Qg4
Qxc3 41. Qg5+ Qf6 42. Qxf6+ Kxf6 43. Rg3 Be2 44. h4 Bh5 45. Ra6 Bf3 0-1

[Event "Championnat de France des Jeunes - Pupil"]
[Site "LE GRAND BORNAND"]
[Date "????.??.??"]
[Round "2.4"]
[White "Grandadam, Patrick"]
[Black "Hourlier, Simon"]
[Result "1-0"]
[WhiteElo "1903"]
[BlackElo "1660"]
[PlyCount "168"]

1. d4 Nf6 2. c4 e6 3. Nf3 d5 4. Nc3 Bb4 5. Bg5 Nc6 6. e3 O-O 7. Bd3 h6 8. Bh4
Re8 9. O-O Bxc3 10. bxc3 dxc4 11. Bxc4 e5 12. Qc2 exd4 13. cxd4 Qd6 14. Bg3 Qe7
15. Rab1 Rb8 16. Rfd1 Bg4 17. Be2 Nd5 18. Qd2 Qe6 19. h3 Bh5 20. Re1 a5 21. Bd1
Ncb4 22. a3 Bg6 23. e4 Bxe4 24. axb4 Nxb4 25. Rxb4 axb4 26. Qxb4 Qe7 27. Qxe7
Rxe7 28. Nd2 Rbe8 29. Ba4 c6 30. Be5 Bd5 31. Rc1 f6 32. Bf4 Ra8 33. Bb3 Bxb3
34. Nxb3 Ra2 35. Nc5 Ree2 36. Be3 Rab2 37. Kf1 f5 38. Nd3 Ra2 39. d5 cxd5 40.
Nf4 Rac2 41. Rxc2 Rxc2 42. Nxd5 Kf7 43. Ke1 Ke6 44. Nf4+ Ke5 45. Kd1 Ra2 46.
Nd3+ Kd6 47. Nc1 Ra6 48. h4 b5 49. Kc2 Ra4 50. g3 Kd5 51. Nd3 b4 52. Kb2 Kc4
53. Ne5+ Kb5 54. Nf7 Ra6 55. Bf4 Ka4 56. Ne5 b3 57. Nd3 Rc6 58. Ne1 Re6 59. Be3
g5 60. hxg5 hxg5 61. Nd3 Rc6 62. Nc5+ Kb4 63. Nxb3 Rc4 64. Bxg5 Re4 65. Be3 Rc4
66. Nd4 Rc8 67. Nxf5 Rf8 68. g4 Kc4 69. Kc2 Kd5 70. Kd3 Ke5 71. f4+ Kf6 72.
Bd4+ Kg6 73. Ke4 Re8+ 74. Be5 Rd8 75. Nd6 Rb8 76. Nf5 Rb7 77. Nh4+ Kf7 78. Nf5
Kg6 79. Nh4+ Kf7 80. Kf5 Rd7 81. Nf3 Ra7 82. g5 Rb7 83. g6+ Kg8 84. Ng5 Ra7 1-0

[Event "Championnat de France des Jeunes - Pupil"]
[Site "LE GRAND BORNAND"]
[Date "????.??.??"]
[Round "2.5"]
[White "Civit, Pierre"]
[Black "Feryn, Benjamin"]
[Result "0-1"]
[WhiteElo "1650"]
[BlackElo "1886"]
[PlyCount "116"]

1. d4 Nf6 2. c4 g6 3. Nc3 Bg7 4. e4 d6 5. Nf3 O-O 6. Be2 e5 7. dxe5 dxe5 8.
Qxd8 Rxd8 9. Bg5 Re8 10. O-O-O Nc6 11. Rd2 Bg4 12. Rhd1 Bxf3 13. Bxf3 Nd4 14.
Nb5 Nxb5 15. cxb5 a6 16. Bxf6 Bxf6 17. Rd7 Rec8 18. R1d5 c6 19. bxc6 Rxc6+ 20.
Kd1 Rac8 21. Bg4 Rc1+ 22. Ke2 R8c2+ 23. Rd2 Bg5 24. Rxc2 Rxc2+ 25. Kd3 Rxb2 26.
Bh3 b5 27. Rd5 f6 28. Be6+ Kg7 29. Rd7+ Kh6 30. Ra7 Rxf2 31. Bg8 Bc1 32. h4 Kh5
33. Rxh7+ Kg4 34. Be6+ Kf4 35. Rf7 Rd2+ 36. Kc3 Kxe4 37. Rxf6 Rxg2 38. Bf7 Ke3
39. Rxg6 Rxg6 40. Bxg6 Kf3 41. Kd3 a5 42. h5 b4 43. Kc2 Bg5 44. Be8 e4 45. Bc6
Kf4 46. Kd2 Kg4+ 47. Ke2 e3 48. Be8 Kf4 49. Bc6 Ke5 50. Be8 Kd4 51. Ba4 Kc3 52.
Bb3 Kb2 53. Kd3 a4 54. Bc4 Bh6 55. Ke2 Kc3 56. Bb5 b3 57. axb3 a3 58. b4 a2 0-1

[Event "Championnat de France des Jeunes - Pupil"]
[Site "LE GRAND BORNAND"]
[Date "????.??.??"]
[Round "2.7"]
[White "Cornaton, Antoine"]
[Black "Ton-That, Nicolas"]
[Result "1/2-1/2"]
[WhiteElo "1650"]
[BlackElo "1862"]
[PlyCount "95"]

1. e4 c5 2. Nc3 Nc6 3. g3 g6 4. Bg2 Bg7 5. d3 d6 6. Be3 Nf6 7. h3 O-O 8. Qd2
Be6 9. Nge2 a6 10. O-O Qc7 11. f4 b6 12. a3 Rab8 13. f5 Bd7 14. fxg6 fxg6 15.
Nf4 e6 16. Rf2 Rf7 17. Raf1 Rbf8 18. Nfe2 e5 19. Bh6 Be6 20. Bxg7 Kxg7 21. Nd1
Qd7 22. h4 Ng4 23. Rxf7+ Rxf7 24. Ne3 Nxe3 25. Qxe3 Rxf1+ 26. Kxf1 Qf7+ 27. Qf2
Qxf2+ 28. Kxf2 Nd4 29. Nxd4 cxd4 30. Ke2 Kf6 31. Bf3 h6 32. g4 g5 33. h5 Ke7
34. Kd2 Kd7 35. c3 Kc7 36. c4 Kc6 37. Kc2 b5 38. b3 Kb6 39. Kb2 bxc4 40. bxc4
Ka5 41. Kb3 Bd7 42. Kb2 Ba4 43. Be2 Kb6 44. Bf3 Kc5 45. Be2 Kb6 46. Bf3 Kc5 47.
Be2 Kb6 48. Bf3 1/2-1/2

[Event "Championnat de France des Jeunes - Pupil"]
[Site "LE GRAND BORNAND"]
[Date "????.??.??"]
[Round "2.8"]
[White "Gautier, Clement"]
[Black "Paci, Nicolas"]
[Result "0-1"]
[WhiteElo "1650"]
[BlackElo "1840"]
[PlyCount "52"]

1. e4 c5 2. Nf3 Nc6 3. d4 cxd4 4. Nxd4 Nf6 5. Nc3 e6 6. a3 a6 7. Be3 Be7 8.
Nxc6 bxc6 9. Bd3 d5 10. exd5 cxd5 11. Bd4 O-O 12. O-O Bd6 13. Re1 Re8 14. Bxf6
Qxf6 15. Re3 Bb7 16. Rf3 Qe7 17. Rh3 f5 18. Re3 d4 19. Re2 dxc3 20. Bxf5 Qg5
21. Bh3 Qf4 22. Rxe6 Qxh2+ 23. Kf1 Bxg2+ 24. Bxg2 Rxe6 25. Bxa8 cxb2 26. Rb1
Rf6 0-1

[Event "Championnat de France des Jeunes - Pupil"]
[Site "LE GRAND BORNAND"]
[Date "????.??.??"]
[Round "2.9"]
[White "Grigorian, Roudolph"]
[Black "Kirk, Ezra"]
[Result "1-0"]
[WhiteElo "1640"]
[BlackElo "1830"]
[PlyCount "61"]

1. d4 d5 2. c4 c6 3. cxd5 cxd5 4. Nc3 Nf6 5. Nf3 Nc6 6. Bf4 a6 7. e3 e6 8. Bd3
Bd6 9. Bg5 Be7 10. O-O h6 11. Bh4 Nh5 12. Bxe7 Qxe7 13. a3 Nf6 14. Ne5 Nd7 15.
f4 O-O 16. Bc2 Ncxe5 17. fxe5 Qg5 18. Qd3 g6 19. Rf3 h5 20. Rg3 Qh6 21. h4 Re8
22. Rf1 Nf8 23. e4 dxe4 24. Nxe4 Kg7 25. Nd6 Re7 26. Qf3 Qd2 27. Qf6+ Kg8 28.
Qxe7 Bd7 29. Qxf7+ Kh8 30. Qf6+ Kg8 31. Rxg6+ 1-0

[Event "Championnat de France des Jeunes - Pupil"]
[Site "LE GRAND BORNAND"]
[Date "????.??.??"]
[Round "2.10"]
[White "Neri, Jean-Baptiste"]
[Black "Tassel, Pierre"]
[Result "0-1"]
[WhiteElo "1822"]
[BlackElo "1640"]
[PlyCount "60"]

1. e4 c5 2. Nf3 e6 3. d4 cxd4 4. Nxd4 a6 5. Bd3 Nf6 6. Nc3 Qc7 7. f4 d6 8. Qe2
Nbd7 9. Nb3 Be7 10. Be3 b5 11. a3 Bb7 12. O-O O-O 13. Bd2 e5 14. Rae1 Nc5 15.
Nxc5 dxc5 16. fxe5 Qxe5 17. Rf5 Qe6 18. e5 Nd5 19. Nxd5 Bxd5 20. Rf4 Bg5 21.
Rf2 Bxd2 22. Qxd2 Rad8 23. Qe3 c4 24. Bf5 Qc6 25. Qh3 g6 26. Bg4 Rfe8 27. Ref1
Rxe5 28. Bf3 Qc5 29. Bxd5 Rexd5 30. Kh1 Qxf2 0-1